[Event "GER-chT U16"]
[Site "Neumarkt in der Oberpfalz"]
[Date "2016.12.27"]
[Round "1.1"]
[White "Muehlpfordt, Thomas"]
[Black "Silber, Kevin"]
[Result "0-1"]
[WhiteElo "1771"]
[BlackElo "1974"]
[PlyCount "106"]
[EventDate "2016.12.27"]
[EventType "team-swiss"]
[EventRounds "7"]
[EventCountry "GER"]
[SourceTitle "EXT 2018"]
[Source "ChessBase"]
[SourceDate "2017.10.13"]
[SourceVersion "1"]
[SourceVersionDate "2017.10.13"]
[SourceQuality "1"]
[WhiteTeam "Lambsheim"]
[BlackTeam "Delmenhorst"]
[WhiteTeamCountry "GER"]
[BlackTeamCountry "GER"]

1. e4 e5 2. Nf3 Nc6 3. Bc4 Nf6 4. d3 Bc5 5. 0-0 d6 6. c3 a6 7. a4 Bg4 8. Re1 h6 9. Na3 Ba7 10. Nc2 0-0 11. Be3 Kh8 12. Bxa7 Nxa7 13. Ne3 Bh5 14. Nf5 c6 15. Ba2 Qd7 16. Ng3 Bg4 17. h3 Be6 18. d4 Bxa2 19. Rxa2 Qc7 20. b4 Rad8 21. Rd2 Nc8 22. Qc2 Nb6 23. Qb3 Rfe8 24. a5 Nc8 25. dxe5 dxe5 26. Red1 Rxd2 27. Rxd2 Nd6 28. Re2 c5 29. Qb1 Nb5 30. Re3 Rc8 31. Kh2 g6 32. Qb3 Kg7 33. Nf1 cxb4 34. cxb4 Nd4 35. Qb2 Nxf3+ 36. gxf3 Qc1 37. Qe2 Rc2 38. Qe1 Qxe1 39. Rxe1 Rxf2+ 40. Kg3 Rb2 41. Rc1 Nh5+ 42. Kh4 Nf4 43. Ne3 Rxb4 44. Rc5 Rb3 45. Ng4 Rxf3 46. Nxe5 Ng2+ 47. Kg4 Re3 48. Nf3 h5+ 49. Kg3 Ne1 50. Kf2 Rxf3+ 51. Kxe1 Rxh3 52. e5 Rb3 53. Kf2 Rb5 0-1

[Event "GER-chT Lands U20"]
[Site "Hannover"]
[Date "2016.10.01"]
[Round "1.4"]
[White "Karsay, Pascal"]
[Black "Silber, Kevin"]
[Result "1-0"]
[WhiteElo "2050"]
[BlackElo "1861"]
[PlyCount "39"]
[EventDate "2016.10.01"]
[EventType "team-swiss"]
[EventRounds "7"]
[EventCountry "GER"]
[SourceTitle "CBM 174 Extra"]
[Source "ChessBase"]
[SourceDate "2016.10.10"]
[SourceVersion "1"]
[SourceVersionDate "2016.10.10"]
[SourceQuality "1"]
[WhiteTeam "Rheinland Pfalz"]
[BlackTeam "Bremen & Friends"]
[WhiteTeamCountry "GER"]
[BlackTeamCountry "GER"]

1. e4 e5 2. Nf3 Nc6 3. Bb5 a6 4. Ba4 Nf6 5. d3 b5 6. Bb3 Bc5 7. 0-0 d6 8. c3 Bg4 9. Nbd2 0-0 10. Re1 Qd7 11. Nf1 h6 12. h3 Bh5 13. Ng3 Bxf3 14. Qxf3 Nh7 15. Rd1 Ba7 16. a4 Na5 17. Ba2 bxa4 18. Nf5 Nb3 19. Bxb3 axb3 20. Qg4 1-0

[Event "GER-ch U16"]
[Site "Willingen"]
[Date "2016.05.21"]
[Round "9"]
[White "Silber, Kevin"]
[Black "Wiesner, Alexander"]
[Result "1-0"]
[WhiteElo "1957"]
[BlackElo "1948"]
[PlyCount "57"]
[EventDate "2016.05.15"]
[EventType "swiss"]
[EventRounds "9"]
[EventCountry "GER"]
[SourceTitle "CBM 172 Extra"]
[Source "ChessBase"]
[SourceDate "2016.06.21"]
[SourceVersion "1"]
[SourceVersionDate "2016.06.21"]
[SourceQuality "1"]

1. e4 e6 2. d4 d5 3. Nd2 Nf6 4. e5 Nfd7 5. Bd3 c5 6. c3 Nc6 7. Ne2 Qb6 8. Nf3 cxd4 9. cxd4 Bb4+ 10. Bd2 f6 11. exf6 Nxf6 12. 0-0 0-0 13. Rc1 Ne4 14. Bxe4 dxe4 15. Ng5 Nxd4 16. Bxb4 Nxe2+ 17. Qxe2 Qxb4 18. Rc7 Qa5 19. Qh5 Qf5 20. g4 Qg6 21. Qxg6 hxg6 22. Rfc1 e5 23. h3 Re8 24. Rd1 Be6 25. Rd6 Bxa2 26. Rxg6 Rec8 27. Rcxg7+ Kf8 28. Nh7+ Ke8 29. Rf6 1-0

[Event "GER-ch U16"]
[Site "Willingen"]
[Date "2016.05.17"]
[Round "5"]
[White "Silber, Kevin"]
[Black "Tiarks, Jann Christian"]
[Result "0-1"]
[WhiteElo "1957"]
[BlackElo "1953"]
[PlyCount "90"]
[EventDate "2016.05.15"]
[EventType "swiss"]
[EventRounds "9"]
[EventCountry "GER"]
[SourceTitle "CBM 172 Extra"]
[Source "ChessBase"]
[SourceDate "2016.06.21"]
[SourceVersion "1"]
[SourceVersionDate "2016.06.21"]
[SourceQuality "1"]

1. e4 c5 2. Nf3 Nf6 3. Nc3 d5 4. exd5 Nxd5 5. Ne4 e6 6. d4 cxd4 7. Nxd4 Be7 8. c3 0-0 9. Bd3 e5 10. Nc2 f5 11. Bc4 Be6 12. Ng5 Bxg5 13. Bxg5 Qxg5 14. Bxd5 Qe7 15. 0-0 Kh8 16. Re1 Bxd5 17. Qxd5 Nc6 18. Rad1 Rad8 19. Qb3 e4 20. Rd5 Rxd5 21. Qxd5 Qd8 22. Rd1 Qb6 23. Qb3 Qxb3 24. axb3 Rd8 25. Rxd8+ Nxd8 26. Nd4 g6 27. g4 Nc6 28. gxf5 Nxd4 29. cxd4 gxf5 30. Kg2 f4 31. Kh3 h5 32. Kg2 Kg7 33. Kf1 Kf6 34. Ke2 Ke6 35. Kd2 Kd5 36. Kc3 a5 37. h4 b6 38. Kc2 Kxd4 39. Kd2 e3+ 40. fxe3+ fxe3+ 41. Ke2 Ke4 42. Ke1 Kd3 43. Kd1 e2+ 44. Ke1 b5 45. b4 a4 0-1

[Event "Niedersachsen-ch op"]
[Site "Verden"]
[Date "2016.01.06"]
[Round "7"]
[White "Buehrmann, Torsten"]
[Black "Silber, Kevin"]
[Result "1-0"]
[WhiteElo "1928"]
[BlackElo "1836"]
[PlyCount "91"]
[EventDate "2016.01.03"]
[EventType "swiss"]
[EventRounds "7"]
[EventCountry "GER"]
[SourceTitle "EXT 2018"]
[Source "ChessBase"]
[SourceDate "2017.10.13"]
[SourceVersion "1"]
[SourceVersionDate "2017.10.13"]
[SourceQuality "1"]

1. e4 e5 2. Bc4 Nc6 3. Nf3 Bc5 4. c3 Nf6 5. d3 d6 6. Nbd2 a6 7. Bb3 0-0 8. Nf1 h6 9. Ng3 Be6 10. Bc2 b5 11. 0-0 Ba7 12. h3 Ne7 13. Nh4 c5 14. Qf3 Nd7 15. Be3 d5 16. Nhf5 Bxf5 17. Nxf5 Nxf5 18. Qxf5 d4 19. Bd2 c4 20. Rad1 Qe7 21. cxd4 exd4 22. a3 Bc5 23. Kh1 Rac8 24. Ba5 c3 25. b4 Bb6 26. Bxb6 Nxb6 27. f4 Rc6 28. Bb3 Rfc8 29. Rf2 Rf6 30. Qg4 Rfc6 31. Rc2 Na4 32. Qe2 Nb2 33. Rf1 a5 34. Bd5 R6c7 35. Ra1 axb4 36. axb4 Qxb4 37. Qg4 Qe7 38. Ra6 Kh7 39. e5 Ra7 40. Rxa7 Qxa7 41. Qxc8 Nd1 42. Ra2 Qe7 43. Be4+ g6 44. Ra8 Nf2+ 45. Kh2 Ng4+ 46. Kg1 1-0